• 首页
  • 本馆介绍
  • 公告通知
  • 最新文献
  • 馆藏检索
  • 电子资源
  • 读者荐购
  • 参考咨询
  • CALIS
  • 我的图书馆
  • 登录
  • 详细信息显示
  • 放入我的书架
  • 预约/预借图书
  • 作者相关作品
  • 分类相关作品
  • 丛书相关作品
  • 出版社相关作品

书目信息

  • 表格格式
  • 工作单格式
  • 卡片格式
题名:
注册电气工程师执业资格专业考试相关标准汇编
    
 
作者: ;中国电力规划设计协会 编
分册:  
出版信息: 北京   中国电力出版社  2005.07
页数: 357页
开本: 26cm
丛书名:
单 册:
中图分类: TM72-65 , TM72-44
科图分类:
主题词: 供电--gong dian--工程师--资格考试--习题 , 配电系统--pei dian xi tong--工程师--资格考试--习题
电子资源:
ISBN: 7-5083-3352-7
 
 
 
 
 
000 01119nam0 2200253 450
001 012006807515
005 20060925104127.79
010    @a7-5083-3352-7@dCNY100.00
100    @a20060705d2005 km y0chiy0120 ea
101 0  @achi
102    @aCN@b110000
105    @aa q 000yy
200 1  @a注册电气工程师执业资格专业考试相关标准汇编@Azhu ce dian qi gong cheng shi zhi ye zi ge zhuan ye kao shi xiang guan biao zhun hui bian@e供配电专业@f中国电力规划设计协会编@Fzhong guo dian li gui hua she ji xie hui bian
210    @a北京@c中国电力出版社@d2005.07
215    @a357页@c图@d26cm
330    @a本书共18章,选编了法律法规与工程管理,环境保护,安全,节能,负荷分级及计算,电气设备选择等专业知识的复习题。型有单选题、多选题案例题三种,并附有参考答案。
517 1  @a供配电专业@Agong pei dian zhuan ye
606 0  @a供电@Agong dian@x工程师@x资格考试@j习题
606 0  @a配电系统@Apei dian xi tong@x工程师@x资格考试@j习题
690    @aTM72-65@v3
690    @aTM72-44@v4
711 02 @a中国电力规划设计协会@Azhong guo dian li gui hua she ji xie hui@4编
801  0 @aCN@bRULIN@c20060925
905    @a10447@dTM72-65@eD5541
    
    注册电气工程师执业资格专业考试相关标准汇编:供配电专业/中国电力规划设计协会编.-北京:中国电力出版社,2005.07
    357页:图;26cm
    
    
    ISBN 7-5083-3352-7:CNY100.00
    本书共18章,选编了法律法规与工程管理,环境保护,安全,节能,负荷分级及计算,电气设备选择等专业知识的复习题。型有单选题、多选题案例题三种,并附有参考答案。
●
相关链接 在E读中查询图书 在当当中查询图书 在豆瓣中查询图书


正题名:注册电气工程师执业资格专业考试相关标准汇     索取号:TM72-65/D5541         预约/预借

序号 登录号 条形码 馆藏地/架位号 状态 备注
1 581226   205812263   自科库301/301自科库 4排3列5层/ [索取号:TM72-65/D5541] 在馆    
2 581227   205812272   自科二线404/301自科库 12排2列5层/ [索取号:TM72-65/D5541] 在馆    
3 594395   205943951   自科库301/301自科库 17排4列3层/ [索取号:TM72-65/D5541] 在馆    
河南城建学院图书馆 欢迎您!
大连网信软件有限公司© 版权所有